00694nam a2200205 i 450000100060000000300090000600500170001500700030003200800410003502000180007608000210009410000330011524500470014825000120019526000570020730000210026485200640028599900170034995201220036616685ES-MaACL20230906151355.0t|001025s2000 sp ||||1| spa d a84-923530-1-5 a821.134.2-14"19"1 aMayoral, José-Luis.97942110aTiempo de espacio / cJosé-Luis Mayoral. a1ª ed. a[S.l. : bs.n.], c2000 (eMadrid : fJisan Printer) a98 p. ; c21 cm. aES-MaACLjL-23811 bR.129181 q. - Ded. autógr. del autor c16685d16685 00104070aATENEOMbATENEOMcDEPO2d2008-01-17eSCl0oL-23811p1016947r2023-02-23 00:00:00w2023-02-23yMONOGRAFIA